000 00734nam a2200253Ia 4500
003 OSt
005 20221005052515.0
006 a|||||r|||| 00| 0
007 ta
008 221004b |||||||| |||| 00| 0 eng d
020 _a0 7007 0111 7 (hbk)
024 _a120823
037 _bGift, 10/08/2012,
_cTextual
040 _aCRL
_cCRL
_beng
041 _2eng
_aeng
082 _aW:3(Q).49F, L9
100 _aTaylor David Ed.
245 0 _aPolitical identity in South Asia
260 _aLondon
_bCurzon Press Uk
_c1979
300 _a266p.
_ccm.
700 _a Yapp Malcolm Ed.
_9596839
942 _hW:3(Q).49F, L9
_cTEXL
_2cc
999 _c960515
_d960515